000 00406naa a2200157 a 4500
001 3135
003 CDMR
005 20130307191237.0
008 130130s ||||||||||||r|||||||||||||||d
040 _aCDMR
_bcat
_cCDMR
100 1 _aRoca i Roca, Josep
_92288
245 1 0 _aPi i Margall
600 1 4 _aPi i Margall, Francesc
_91710
773 0 _tAnuari de la Prensa Diaria
_gAny I, 1923, p.19-45
942 _cCAP
_2udc
999 _c3135
_d3135